000 00537nam a2200181 4500
003 SEACOMEC
005 20240613124533.0
008 240613b |||||||| |||| 00| 0 eng d
020 _a 8121916674
_cRs.340.00
040 _aSEACOMEC
082 _a621.20434
_bR161
100 _a Rajput, R. K
245 1 _aA textbook of fluid mechanics : (fluid mechanics and hydraulic machines- part-1)
_c R.K. Rajput
260 _a New Delhi
_bS. Chand & company 2010
_c[reprinted 2008]
300 _aVol.1
650 _a Hydraulics
942 _cBOOK
999 _c1330
_d1330